000 00754nab a22002417a 4500
001 13437
003 HDC
007 cr bn ---aaaaa
008 210128c99999999my ||||o |||| 00| 00eng d
040 _aHDC
100 _aAurea Santos,
_eauthor
_912415
245 0 _aHalal broadens export opportunities /
_cAurea Santos
336 _atext
_2rdacontent
337 _acomputer
_2rdamedia
338 _aonline resource
_2rdacarrier
650 _aExport
_94753
650 _aHalal food industry
_9128
710 _aANBA
856 _zRequest full-text at [email protected]
942 _2lcc
942 _cNEWS
942 _kNWSO 003036
999 _c10753
_d10753